Which Country Is This City In #2 - Statistics

General Stats
  • This quiz has been taken 50 times
  • The average score is 15 of 16
Answer Stats
City Country % Correct
Rio De Janeiro Brazil
100%
Istanbul Turkey
100%
Chicago United States
100%
Alexandria Egypt
98%
Panama City Panama
98%
Lisbon Portugal
98%
Algiers Algeria
96%
Santiago Chile
96%
Palermo Italy
93%
Islamabad Pakistan
93%
Nanjing China
89%
Tijuana Mexico
89%
Gothenburg Sweden
87%
Darwin Australia
84%
Yellowknife Canada
78%
Port Moresby Papua New Guinea
62%
No matching quizzes found
Score Distribution
Percent of People with Each Score
Percentile by Number Answered
Your Score History
You have not taken this quiz